Gaming Quiz

Random Gaming or Art Quiz

Path of Exile Unique Amulets Quiz Stats

 Plays Quiz not verified by Sporcle

Challenge
Share
Tweet
Score 0/48 Timer 10:00
0 Plays Today
% Correct
Karui Ward
100%
Voll's Devotion
100%
Astramentis
100%
Carnage Heart
100%
Atziri's Foible
80%
The Anvil
80%
Xoph's Blood
80%
Choir of the Storm
80%
The Ignomon
80%
Shaper's Seed
80%
Eye of Chayula
80%
Presence of Chayula
80%
Star of Wraeclast
80%
Araku Tiki
60%
Sidhebreath
60%
The Halcyon
60%
Stone of Lazhwar
60%
The Ascetic
60%
Demigod's Presence
60%
Bisco's Collar
60%
Warped Timepiece
60%
Hinekora's Sight
60%
Maligaro's Cruelty
50%
Xoph's Heart
40%
% Correct
Rashkaldor's Patience
40%
Tear of Purity
40%
Marylene's Fallacy
40%
Voice of the Storm
40%
Winterheart
40%
Daresso's Salute
40%
Eye of Innocence
40%
Ungil's Harmony
40%
Night's Hold
40%
Rigwald's Curse
40%
Natural Hierarchy
40%
Eyes of the Greatwolf
40%
Bloodgrip
20%
Blood of Corruption
20%
The Pandemonius
20%
Extractor Mentis
20%
The Aylardex
20%
Victario's Acuity
20%
Blightwell
20%
Yoke of Suffering
0%
Gloomfang
0%
Impresence
0%
Zerphi's Heart
0%
Sacrificial Heart
0%

You're not logged in!

Compare scores with friends on all Sporcle quizzes.
Join for Free
OR
Log In

You Might Also Like...

Show Comments

Extras

Created May 16, 2017ReportNominate
Tags:Art Quiz, base, exile, identify, path, unique

Top Quizzes Today


Score Distribution

Your Account Isn't Verified!

In order to create a playlist on Sporcle, you need to verify the email address you used during registration. Go to your Sporcle Settings to finish the process.

Report this User

Report this user for behavior that violates our Community Guidelines.

Details: